Normal view MARC view
  • MICROEMPRESAS

Entry Materia

Number of records used in: 12

001 - NÚMERO DE CONTROL DEL REGISTRO

  • campo de control: 6437

003 - IDENTIFICADOR DE NUMERO DE CONTROL

  • campo de control: UPN

005 - FECHA Y HORA DE LA ÚLTIMA TRANSACCIÓN

  • campo de control: 20210219193702.0

008 - DATOS DE LONGITUD FIJA

  • campo de control de longitud fija: nabaccnnaabn|||||||||| b |nc|||||d

035 ## - NÚMERO DE CONTROL DEL SISTEMA

  • Número de control del sistema: UPN10000006439

040 ## - FUENTE DE LA CATALOGACIÓN

  • Lengua de catalogación: SPA
  • Agencia de transcripción: UPN

150 ## - ENCABEZAMIENTO - TEMÁTICO

  • Término de materia o nombre geográfico como elemento inicial: MICROEMPRESAS

450 ## - VÉASE - MATERIA

  • Encabezamiento temático: Empresas (Pequeña empresa)

450 ## - VÉASE - MATERIA

  • Encabezamiento temático: Negocios en pequeño

450 ## - VÉASE - MATERIA

  • Encabezamiento temático: Negocios pequeños

450 ## - VÉASE - MATERIA

  • Encabezamiento temático: Pequeña empresa

450 ## - VÉASE - MATERIA

  • Encabezamiento temático: Pequeños negocios

670 ## - FUENTE EN LA QUE SE LOCALIZARON DATOS

  • Cita de la fuente: A/P

680 ## - NOTA GENERAL CON DESPLIEGUE PÚBLICO

  • Texto explicativo: Usase para las obras que tratan de los pequeños negocios que operan independientemente, en contraste con las grandes empresas, operen o no en consorcio

902 ## - CATALOGADOR

  • Catalogador: MMA/260407